000 00529nam a2200145Ia 4500
008 100122s9999 xx 000 0 und d
082 _b46993
_a81
100 _aदेशपांडे स ह
245 _aसावरकर ते भा.ज.प ( क.क्र.26/4 )
260 _bराजहंस प्रकाशन
_c1992
300 _a235
630 _aसावरकर ते भा.ज.प ( क.क्र.26/4 )
730 _aसावरकर ते भा.ज.प ( क.क्र.26/4 )
942 _cBOOK
999 _c425958
_d425955